Potulky svetom fantastiky výlety do štvrtého rozmeru časť VIII.

Bibliographic Details
Main Author: Žarnay, Jozef, 1944- (Author)
Format: Article
Language:Slovak
ISSN:0139-8911
Subjects:

MARC

LEADER 00000nab a2200000 a 4500
001 vtls009529078
003 SK-MaSNL
005 20260303081624.0
008 090623 2009 xo m p 000 0 slo
015 |a SNBRB 2009/06 
038 |a KEKMK 
040 |a KEKMK  |b slo  |c KEKMK  |e AACR2 
041 |a slo 
044 |a xo  |c SK 
080 |a 82-93  |2 2001 
100 1 |a Žarnay, Jozef,  |d 1944-  |4 aut  |9 103401 
245 1 0 |a Potulky svetom fantastiky  |b výlety do štvrtého rozmeru  |n časť VIII.  |c Jozef Žarnay 
650 0 7 |a literatúra pre deti a mládež  |2 kekmk  |9 21893 
773 0 |t Superohník : magazín pre dievčatá a chlapcov ZŠ  |g Roč. [12], č. 9 máj (2008/2009), s.14  |x 0139-8911 
852 |a KEKMK  |b KIS3G 
958 |a DB 
999 |c 1785413  |d 1787343